| 000 | 00693nam a22001337a 4500 | ||
|---|---|---|---|
| 040 | _cRUA | ||
| 082 | _aAGR SE 2011 B048 Or.1 | ||
| 100 | _aSE VANAK | ||
| 245 | _aEffect of establishment methods on growth and yield of ir 66 rice under dry season,(ឥទ្ធិពលនៃវិធីសាស្រ្តដំាដុះទៅលើការលូតលាស់ និងទិន្នផលស្រូវអ៊ីអ៊ែរ ៦៦ ក្នុងលក្ខខណ្ឌរដូវប្រាំង) | ||
| 260 |
_aphnom penh _bRUA _c2011 |
||
| 300 |
_axi, 56p. _cill. |
||
| 856 | _uhttps://drive.google.com/file/d/1UaZvq9Ep1Q_IegTWLpt8Nw2LtEO-clI-/view?usp=sharing | ||
| 942 | _cAGR | ||
| 999 |
_c1168 _d1168 |
||